000 00833pam a2200277 i 4500
001 13242
003 BD-RjUL
005 20211208235426.0
008 140130s1979 njua 001 0 eng
020 _a0132473208
035 _a(BD-RjUL)13293
040 _aDLC
_cDLC
_dBD-RjUL
_beng
041 _aeng
082 0 0 _a621.31042
_bGIE 1979
100 1 _aGingrich, Harold W.
_941242
245 1 0 _aElectrical machinery, transformers, and control /
_cHarold W. Gingrich.
260 _aEnglewood Cliffs, N.J. :
_bPrentice-Hall,
_cc1979.
300 _axii, 352 p. :
_bill. ;
_c25 cm.
500 _aIncludes index.
650 0 _aElectric machinery.
_941243
650 0 _aElectric transformers.
_939223
650 0 _aElectric controllers.
_927864
650 0 _aPower electronics.
_941244
942 _2ddc
_cBK
999 _c13242
_d13242